MARC

LEADER 00000nam0a2200000 4500
001 68524
005 20231031074944.0
035 |a (RuTPU)RU\TPU\book\72974 
090 |a 68524 
100 |a 20041006d1967 m y0rusy50 ca 
101 0 |a rus 
102 |a RU 
105 |a a j 001zy 
200 1 |a Приборы для измерения ионизирующих излучений. Основы теории и проектирования  |e учебное пособие  |f В. В. Матвеев, Б. И. Хазанов 
210 |a Москва  |c Атомиздат  |d 1967 
215 |a 707 с.  |c ил. 
320 |a Библиогр.: с. 692-702 
610 1 |a ионизирующие излучения 
610 1 |a измерения 
610 1 |a приборы 
610 1 |a построение 
610 1 |a проектирование 
610 1 |a детекторы 
610 1 |a классификация 
610 1 |a регистраторы 
610 1 |a сигналы 
610 1 |a анализ 
610 1 |a схемы 
610 1 |a анализаторы 
610 1 |a учебные пособия 
675 |a 539.16.08(075.8)  |v 3 
700 1 |a Матвеев  |b В. В.  |g Виктор Васильевич 
701 1 |a Хазанов  |b Б. И.  |g Борис Исаакович 
801 1 |a RU  |b 63413507  |c 20041006  |g PSBO 
801 2 |a RU  |b 63413507  |c 20210210  |g PSBO 
942 |c BK